|
|
|
|
| LEADER |
00739nam a2200157 4500 |
| 999 |
|
|
|c 123800
|d 123800
|
| 020 |
|
|
|a 9781860942075
|
| 082 |
|
|
|a 808 HOL/E
|
| 100 |
|
|
|a HOLTOM, DANIEL & FISHER, ELIZEBETH
|
| 245 |
|
|
|a ENJOY WRITING YOUR SCIENCE THESIS OR DISSERTATION:
|b a step by step guide to planning and writing dissertations and theses for undergraduate and graduate science students/
|c Daniel Holtom and Elizebeth Fisher
|
| 260 |
|
|
|a LONDON:
|b IMPERIAL COLLEGE PRESS,
|c 1999.
|
| 300 |
|
|
|a 278
|
| 500 |
|
|
|a
|
| 650 |
|
|
|a ENJOY WRITING YOUR SCIENCE THESIS OR DISSERTATION
|
| 942 |
|
|
|c BK
|
| 952 |
|
|
|0 0
|1 0
|4 0
|6 808_000000000000000_HOL_E
|7 0
|9 137262
|a CHE
|b CHE
|g 19.50
|l 0
|o 808 HOL/E
|p CHE5129
|r 2019-10-15
|w 2019-10-15
|y BK
|